Gender justice, citizenship and development (Record no. 6221)
[ view plain ]
| 000 -LEADER | |
|---|---|
| fixed length control field | 00811 a2200205 4500 |
| 008 - FIXED-LENGTH DATA ELEMENTS--GENERAL INFORMATION | |
| fixed length control field | 080826t xxu||||| |||| 00| 0 eng d |
| 010 ## - LIBRARY OF CONGRESS CONTROL NUMBER | |
| LC control number | ENG-87226 |
| 020 ## - INTERNATIONAL STANDARD BOOK NUMBER | |
| International Standard Book Number | 978818988431X |
| Terms of availability | 495.00 |
| 035 ## - SYSTEM CONTROL NUMBER | |
| System control number | EN-70759 |
| 037 ## - SOURCE OF ACQUISITION | |
| Source of stock number/acquisition | DBAD / PUB |
| 082 ## - DEWEY DECIMAL CLASSIFICATION NUMBER | |
| Classification number | 305.42 |
| 245 ## - TITLE STATEMENT | |
| Title | Gender justice, citizenship and development |
| Statement of responsibility, etc | edited by Maitrayee Mukhopadhyay [and] Navsharan Singh |
| 260 ## - PUBLICATION, DISTRIBUTION, ETC. (IMPRINT) | |
| Place of publication, distribution, etc | New Delhi |
| Name of publisher, distributor, etc | Zubaan |
| Date of publication, distribution, etc | 2007 |
| 270 ## - ADDRESS | |
| Address | K-92, 1st Floor, Hauz Khas Enclave, |
| City | New Delhi |
| Postal code | 110 016 |
| 300 ## - PHYSICAL DESCRIPTION | |
| Extent | viii, 358p. |
| Dimensions | 22cm (Hb ) |
| 500 ## - GENERAL NOTE | |
| General note | Includes index |
| 700 ## - ADDED ENTRY--PERSONAL NAME | |
| Personal name | Navsharan Singh |
| 942 ## - ADDED ENTRY ELEMENTS (KOHA) | |
| Institution code [OBSOLETE] | dpl |
| Koha item type | English Books |
| Call number prefix | 305.42 / GEN |
| Source of classification or shelving scheme | Dewey Decimal Classification |
| Classification part | 305.42 |
| Call number suffix | GEN |
| Withdrawn status | Lost status | Damaged status | Not for loan | Home library | Current library | Date acquired | Cost, normal purchase price | Total Checkouts | Full call number | Barcode | Date last seen | Copy number | Uniform Resource Identifier | Cost, replacement price | Price effective from | Koha item type |
|---|---|---|---|---|---|---|---|---|---|---|---|---|---|---|---|---|
| D.B.Act.Division | D.B.Act.Division | 26/08/2008 | 495.00 | 305.42 GEN | EN-70759 | 15/09/2008 | 1 | 6683 | 495.00 | 15/09/2008 | English Books |
